| 000 | 00535cam a2200193ua 4500 | ||
|---|---|---|---|
| 001 | 6064 | ||
| 008 | 131114n ii |||gr||||Z||||||eng | ||
| 020 | _a81-207-2429-1 | ||
| 040 | _cMAIN | ||
| 082 | _a910 | ||
| 245 | 1 | 1 |
_aTourism Development Principles and Practices _cBy A.K. Bhatia |
| 250 | _b2nd rv. ed. | ||
| 260 |
_aNew Delhi: _bSterling Publishers Private Limited, _c2002. |
||
| 300 | _axvi,250p. | ||
| 653 | _aHistory | ||
| 653 | _aTourism Development Principles & Practices | ||
| 700 | 1 |
_aBhatia,A.K., _eAuthor. |
|
| 942 | _cBK | ||
| 999 |
_c5217 _d5217 |
||